000 00824nam a2200193Ii 4500
003 JO-AjNU
008 230605s9999||||xx |||||||||||||| ||und||
040 _aJO-AjNU
_bara
_erda
_cJO-AjNU
041 _aara
050 1 4 _aZ6621.A67.K43 1983
100 3 _aاعداد سلامة ، ابراهيم ,
_eauthor
_942675
245 0 0 _aفهرس مخطوطات مكتبة المسجد الاقصى، ج2
264 3 1 _aعمان : مؤسسة ال البيت المجمع الملكي لبحوث الحضارة الاسلامية ،1983
300 _aج2، 276ص
336 _atext
_btxt
_2rdacontent
337 _aunmediated
_bn
_2rdamedia
338 _avolume
_bnc
_2rdacarrier
650 4 _aالمخطوطات العربية-الاردن- فهارس- المخطوطات العربية -الاردن -ببلوجرافيات
_942676
999 _aA18291
_c21859
_d21859